Disturbance and regeneration in Amazonia: lessons for sustainable land-use (Registro nro. 10176)
[ vista simple ]
| 000 -CABECERA | |
|---|---|
| Campo de control | 006920000a22002290004500 |
| 090 ## - CLASIFICACIÓN LOCAL | |
| Colección | AR |
| Consecutivo | 01089 |
| 041 0# - IDIOMA | |
| Código de idioma para texto/pista de sonido o título separado | |
| 100 1# - ASIENTO PRINCIPAL--NOMBRE PERSONAL | |
| Nombre personal | Uhl, Christopher |
| 245 10 - MENCION DE TITULO | |
| Título | Disturbance and regeneration in Amazonia: lessons for sustainable land-use |
| 650 14 - ASIENTO SECUNDARIO DE MATERIA - TERMINO TEMATICO | |
| Término temático o nombre geográfico como elemento de entrada | Disturbios |
| 650 14 - ASIENTO SECUNDARIO DE MATERIA - TERMINO TEMATICO | |
| Término temático o nombre geográfico como elemento de entrada | Bosques |
| 650 14 - ASIENTO SECUNDARIO DE MATERIA - TERMINO TEMATICO | |
| Término temático o nombre geográfico como elemento de entrada | Regeneración de Bosques |
| 650 14 - ASIENTO SECUNDARIO DE MATERIA - TERMINO TEMATICO | |
| Término temático o nombre geográfico como elemento de entrada | Vegetación |
| 650 14 - ASIENTO SECUNDARIO DE MATERIA - TERMINO TEMATICO | |
| Término temático o nombre geográfico como elemento de entrada | Amazonía |
| 700 1# - ASIENTO SECUNDARIO - NOMBRE PERSONAL | |
| Nombre personal | Nepstad, Daniel C. |
| 700 1# - ASIENTO SECUNDARIO - NOMBRE PERSONAL | |
| Nombre personal | Buschbacher, Robert |
| 700 1# - ASIENTO SECUNDARIO - NOMBRE PERSONAL | |
| Nombre personal | Clark, Kathleen |
| 700 1# - ASIENTO SECUNDARIO - NOMBRE PERSONAL | |
| Nombre personal | Kauffman, Boone |
| 700 1# - ASIENTO SECUNDARIO - NOMBRE PERSONAL | |
| Nombre personal | Subler, Scott |
| 773 1# - Item fuente: | |
| Título | Ecologist |
| Especificación de materiales | 326 |
| Descripción física | 6 |
| Paginas del Articulo | 1-10 |
| Lugar, editorial y fecha de publicación | 1989 |
| Información sobre la relación | 19 |
| 942 ## - ELEMENTOS ADICIONALES (KOHA) | |
| Tipo de ítem | Artículo |
| Withdrawn status | Lost status | Damaged status | No para préstamo | Colección | Ubicación Permanente | Ubicación actual | Fecha de adquisición | Datos de publicación Seriada | Total Checkouts | Número topográfico | Inventario / Código de Barras | Date last seen | Ejemplar | Price effective from | Forma de adquisición | Tipo de material |
|---|---|---|---|---|---|---|---|---|---|---|---|---|---|---|---|---|
| No para Préstamo | Hemeroteca | Bogotá | Bogotá | 27/02/2015 | Fuera de circulación | AR 01089 | 011408 | 25/03/2015 | 1 | 25/03/2015 | Artículo |